MLB Tampa Bay Rays Season Home Run Leaders - Statistics

General Stats
  • This quiz has been taken 7 times
    2 since last reset
  • The average score is 9 of 29
Answer Stats
Year Player % Correct
2024 Brandon Lowe
100%
2025 Junior Caminero
100%
2004 Aubrey Huff
50%
2003 Aubrey Huff
50%
2002 Aubrey Huff
50%
2012 B.J. Upton
50%
2016 Evan Longoria
50%
2015 Evan Longoria
50%
2014 Evan Longoria
50%
2013 Evan Longoria
50%
1998 Fred McGriff
50%
2001 Greg Vaughn
50%
2000 Greg Vaughn
50%
2023 Isaac Paredes
50%
1999 José Canseco
50%
2019 Austin Meadows
0%
2021 Brandon Lowe
0%
2020 Brandon Lowe
0%
2010 Carlos Peña
0%
2009 Carlos Peña
0%
2008 Carlos Peña
0%
2007 Carlos Peña
0%
2018 C.J. Cron
0%
2011 Evan Longoria
0%
2022 Isaac Paredes
0%
2005 Jorge Cantú
0%
2017 Logan Morrison
0%
Randy Arozarena
0%
2006 Ty Wigginton
0%
No matching quizzes found
Score Distribution
Percent of People with Each Score
Percentile by Number Answered
Your Score History
You have not taken this quiz since the last reset